Statistiques concernant Doki doki litterature club quiz

Cliquez ici pour prendre le quiz!

Statistiques générales

  • Ce quiz a été pris 233 fois
  • Le résultat moyen est 13 sur 25

Statistiques - réponses

IndiceRéponse% Correct
Ami d'enfance dépressiveSayori
98%
Yandere au cheveux violetYuri
98%
Presidente du clubMonika
96%
Tsundere au cheveux roseNatsuki
96%
On fait partie d'un club de...littérature
93%
et on écrit des...poèmes
83%
Sayori meurt par...pendaison
79%
Diminutif de doki doki litterature clubDDLC
71%
Qui maltraite NatsukiSon père
70%
En parlant d'acte...Combien y'a t'il d'acte dans le jeu4
67%
Phrase culte du jeu en rapport avec MonikaJuste Monika
63%
Combien de mots doit on choisir lorsque l'on écrit un poème20
57%
Que cuisine t'on lorque Natsuki vient chez nous ?Cupcake
55%
Le developeur du jeuDan Salvato
43%
Le nom de la chanson que chante MonikaYour reality
43%
Le type de livre favori de NatsukiLes mangas
41%
Le nom du fichier qu'il faut supprimer pour finir le jeumonika.chr
36%
La nouvelle version du jeu qui sortiraDoki doki littérature club plus
28%
La société qui à créer le jeuTeam Salvato
27%
Le livre glauque de YuriLe portrait de Markov
26%
Le nom du dernier poème de SayoriSors de ma tête
20%
De qui est amoureuse Monika ?Du joueur
16%
Que peut on débloquer durant l'acte 2 ?Les poèmes spéciaux
8%
Comment Yuri se tue-elle ?En se poignardant
6%
Que fait Yuri avec son brasElle se le mutile
3%

Distribution des résultats

Percentile par nombre de réponses

% des personnes avec chaque résultat

Votre développement - résultats

Vous n’avez pas pris ce quiz